00710nam a2200229 a 4500001001300000003000900013005001700022008004100039020002300080082001300103100001900116245007600135260003300211500003500244505000900279650002500288700001900313902000800332942000700340952011600347999001700463nice12345678IN_TiNIC20260116015002.0070531s1973 onta grp 000 0 eng  a0836190068 c10000a291bSHE aShenk, David W aGlobal Godsb Exploring the Role of Religions in Modern Societiesbiblio aOntariobHerald Press c1973 aincludes index and biblioraphy2 a403p aComparative Religion1 aShenk, David W bSRS cBK 001040708StackRoom-aHMIbHMId2008-04-14g100.00l0o291 SHEp11002023r2008-04-14v100.00w2007-05-31yBK c17840d17840